Si estudiamos mejor? /

Guardado en:
Autor Principal: Palacios, Ariana Nydia
Otros Autores: Menendez, Irene Nora
Formato: Libro
Publicado: Buenos Aires : A-z, 1994
Edición:2a. ed.
Materias:
Etiquetas: Agregar Etiqueta
Sin Etiquetas, Sea el primero en etiquetar este registro!
LEADER 00738nam a22002295a 4500
001 CEM.cems008712
005 20060214000000.0
008 130507s1994##################000#0#####d
003 CEMS
082 0 4 |a 371.36 
100 1 |a Palacios, Ariana Nydia 
245 1 0 |a Si estudiamos mejor? / 
250 |a 2a. ed. 
260 |a Buenos Aires :  |b A-z,  |c 1994 
300 |a 132 p. 
505 0 |a De la comprensi¢n. De c¢mo graficar lo comprendido. Del uso del material de estudio. De c¢mo expresar lo comprendido. Notas de inter‚s. 
653 |a C. basico 1995 
653 |a Educacion 
653 |a Estudio dirigido 
653 |a Tecnicas de estudio 
700 1 |a Menendez, Irene Nora 
859 |a CEMS  |b BIB. CEMS - 11 de abril  |h 371.36  |i P171  |p 18098.95  |t Ej.1